[Event "22nd Hogeschool Zeeland 2018"]
[Site "Vlissingen"]
[Date "2018.08.08"]
[Round "6"]
[White "Pruijssers, Roeland"]
[Black "De Jong, Migchiel"]
[Result "1-0"]
[WhiteElo "2506"]
[BlackElo "2339"]
[Annotator "TA"]
[PlyCount "73"]
[EventDate "2018.08.04"]
[EventType "swiss"]
[EventCountry "NED"]
[SourceTitle "playchess.com"]
[Source "ChessBase"]
[SourceQuality "1"]

{[%evp 16,73,14,20,22,16,17,16,27,18,17,12,22,11,81,75,98,112,107,107,118,114,242,226,225,208,211,143,233,220,305,313,314,309,286,276,264,247,294,215,274,214,302,292,224,164,252,183,933,845,1038,1011,1188,1189,1178,1158,1867,1829,1613,1574]} 1. g3 Nf6 2. Bg2 g6 3. e4 d6 4. Nc3 c5 5. Nge2 Bg7 6. O-O O-O 7. d3 Nc6 {[%cal Bb8c6,Bc6d4,Bd4e2][%mdl 32]} 8. f4 Nd4 9. h3 {LiveBook: 5 Games. B25: Closed Sicilian: 3 g3, lines without early Be3} Nxe2+ (9... Rb8 10. Be3 Nd7 11. Qd2 Qa5 12. Rf2 e6 13. g4 f5 14. Ng3 fxg4 15. hxg4 b5 16. Bh3 b4 17. Nd1 Qd8 18. g5 Nb6 {½-½ (43) Werner,C (2228)-Schoeneberg,M (2221) Germany 2013}) 10. Nxe2 Rb8 $146 ({Predecessor:} 10... Bd7 11. g4 Bc6 12. Ng3 e6 13. c3 d5 14. e5 Nd7 15. d4 cxd4 16. cxd4 Qb6 17. Kh2 Bb5 18. Rf3 f6 19. Rb3 Qc6 20. Rc3 Qb6 21. Rb3 Qc6 22. Rc3 Qb6 {½-½ (22) Gonzalez Amaya,M (1823)-Hughes,R (2051) Gibraltar 2008}) 11. Be3 {The position is equal.} b6 12. c3 Bb7 13. Qc2 Qc7 14. g4 c4 {[#]} (14... e6 $11 {keeps the balance.}) 15. d4 $1 $16 d5 {[%cal Rf6e4] [#]} 16. e5 $1 {[%cal Re5f6]} Ne4 17. f5 Qc6 18. Nf4 g5 {[#]} (18... Kh8 $16 {is a better defense.}) 19. Nxd5 $1 {[%mdl 512]} Qxd5 20. Rae1 f6 21. e6 Rfc8 (21... Qb5 $16) 22. Bf2 $18 Nxc3 {[%csl Gb7][%cal Rd5g2]} 23. Bxd5 Nxd5 24. Bg3 Ra8 25. Qa4 a6 26. Rc1 Rc6 27. Kf2 Rac8 28. a3 c3 (28... b5 {was necessary.} 29. Qc2 c3) 29. Qb3 Rc4 30. bxc3 b5 (30... h5 $142 31. gxh5 b5) 31. Rc2 Nxc3 $2 (31... h5) 32. Rfc1 {White is clearly winning.} Ne4+ 33. Ke3 Bd5 34. Rxc4 bxc4 35. Qa4 Rc6 36. Rxc4 Nc3 {[#]} 37. Qxc6 $1 {Precision: White = 79%, Black = 26%.} 1-0

[Event "22nd Hogeschool Zeeland 2018"]
[Site "Vlissingen"]
[Date "2018.08.08"]
[Round "6"]
[White "Wan, Yunguo"]
[Black "Viani Antonio Dcunha"]
[Result "1-0"]
[WhiteElo "2501"]
[BlackElo "2414"]
[Annotator "TA"]
[PlyCount "49"]
[EventDate "2018.08.04"]
[EventType "swiss"]
[EventCountry "NED"]
[SourceTitle "playchess.com"]
[Source "ChessBase"]
[SourceQuality "1"]

{[%evp 11,49,14,20,12,16,15,15,-37,-6,-37,66,66,66,72,81,80,76,69,101,91,86,87,110,62,70,66,66,51,70,62,91,91,89,89,225,230,303,332,1088,1034]} 1. e4 e5 2. Nf3 Nc6 3. Bc4 Nf6 4. d3 Bc5 5. Nbd2 d6 6. c3 a5 {LiveBook: 6 Partien. C54: Italienische Partie (Hauptvariante)} (6... a6 7. Bb3 O-O 8. Nf1 Ng4 9. d4 exd4 10. cxd4 Bb6 11. Ng3 Be6 12. O-O Bxb3 13. axb3 h6 14. d5 Ne7 15. Nh4 {1-0 (40) Duda,J (2706)-Rodshtein,M (2699) Heraklio 2017}) 7. Nf1 O-O 8. Ng3 Be6 {Die Stellung ist ausgeglichen.} 9. Bg5 $146 (9. Bb5 $11) ({Vorgänger:} 9. O-O Bxc4 10. dxc4 Ng4 11. h3 Nxf2 12. Rxf2 Bxf2+ 13. Kxf2 Ne7 14. Qe2 f5 15. Bg5 fxe4 16. Qxe4 {1-0 (32) Ruiz Vinals,M (1963)-Peralta Martinez,A (1728) Santa Margalida 2016}) 9... h6 10. Bh4 Bg4 (10... Bxc4 $15 11. Bxf6 Qxf6 12. dxc4 Rfe8) 11. h3 $14 {[%cal Bh2h3,Bh3h4,Bh4h5][%mdl 32]} Bxf3 $1 12. Qxf3 {Und weiter mit Sh5 wäre nett.} g5 13. Nh5 Nxh5 14. Qxh5 Qf6 15. Bg3 Kg7 16. h4 Rh8 17. Qg4 Ne7 {[%cal Bc6e7,Be7g6,Bg6f4][%mdl 32]} 18. O-O-O Ng6 19. h5 {Und d4 würde nun gewinnen.} Nf4 $1 20. d4 Ba7 21. dxe5 Qxe5 22. Rhe1 $40 {[%mdl 128] zielt auf Td5! ab. Weiss riecht Blut.} Kf8 (22... Qf6 $16 {ist eine bessere Verteidigung.}) 23. Qd7 $1 $18 {[%csl Gc4,LRc7,LRf7][%cal Rd7f7]} Qe7 {[#]} 24. Qf5 $1 c6 $2 {[#]} (24... Kg7 25. e5 d5 26. Bxf4 gxf4 27. Rxd5 (27. Bxd5 Bxf2 28. Rh1 Rad8 $16) 27... Qg5 28. Qf6+ Qxf6 29. exf6+ Kxf6) 25. Rxd6 $1 {[%mdl 512] Precision: Weiß = 83%, Schwarz = 46%.} 1-0

[Event "22nd Hogeschool Zeeland 2018"]
[Site "Vlissingen"]
[Date "2018.08.08"]
[Round "6"]
[White "Admiraal, Miguoel"]
[Black "Rijnaarts, Sjef"]
[Result "0-1"]
[WhiteElo "2479"]
[BlackElo "2339"]
[Annotator "TA"]
[PlyCount "108"]
[EventDate "2018.08.04"]
[EventType "swiss"]
[EventCountry "NED"]
[SourceTitle "playchess.com"]
[Source "ChessBase"]
[SourceQuality "1"]

{[%evp 16,108,23,29,25,14,27,31,31,16,26,13,34,32,28,33,38,52,56,56,60,63,61,0,0,0,6,0,0,0,87,-10,-7,-18,-35,-29,-24,-25,-17,-44,-37,-44,-28,-35,-10,-10,-10,-10,-11,-17,-11,-46,-36,-97,0,0,0,-164,-148,-383,-382,-380,-377,-350,-345,-344,-342,-823,-809,-838,-757,-841,-825,-841,-764,-29975,-29976,-29977,-29975,-29980,-29979,-29979,-29980,-29980,-29981,-29981,-29982,-29982,-29983,-29984,-29985,-29985,-29986,-29986,-29987]} 1. c4 c6 2. e4 d5 3. exd5 cxd5 4. cxd5 Nf6 5. Nc3 g6 6. Qb3 Bg7 7. Be2 O-O 8. d4 Na6 9. Bf3 {LiveBook: 169 Partien} Qa5 {B14: Caro-Kann (Panow-Angriff)} (9... Qb6 10. Nge2 Qxb3 11. axb3 Nb4 12. O-O Rd8 13. Ra5 a6 14. Na4 b5 15. d6 Ra7 16. dxe7 Rxe7 17. Nac3 Be6 {½-½ (46) Amin,B (2689)-Artemiev,V (2691) Riadh 2017}) 10. Nge2 Rd8 11. O-O Qb4 {Weiß steht etwas besser.} 12. Qd1 Nc7 {[%cal Rc7d5]} 13. a3 Qb6 {[%cal Rf6d5]} 14. Nf4 g5 $146 ({Vorgänger:} 14... Nb5 15. Be3 Nd6 16. Na4 Qb5 17. Be2 {1-0 (38) Schott,G (2088)-Froitzheim,R (1831) Troisdorf 2005}) 15. Nh5 Nxh5 16. Bxh5 Nxd5 17. Bxg5 ({Ein No Go ist} 17. Nxd5 $6 Rxd5 18. Qe2 Bxd4 $15) 17... Qxb2 18. Nxd5 Rxd5 19. Be3 (19. Bxe7 $14 Qxd4 20. Bf3 Qxd1 21. Raxd1 (21. Rfxd1 Rd7 $14) 21... Rxd1 22. Rxd1) 19... Bf5 $11 20. Qf3 Rad8 21. Rab1 Qxa3 22. Rxb7 a5 (22... Bg6 $11 {hält das Gleichgewicht.} 23. Bf4 Qxf3 24. Bxf3 Rxd4) 23. h3 (23. Qg3 $1 $16) 23... Bg6 24. Qxd5 Rxd5 25. Rb8+ Bf8 26. Bh6 $1 {[%csl Gh6][%cal Rb8f8]} e6 27. Bxf8 Qxf8 28. Rxf8+ Kxf8 29. Bxg6 hxg6 {[%mdl 4096] Endspiel KT-KT} (29... fxg6 {is interesting.} 30. Ra1 Ke7 31. f3 Kd7 32. Kf2 Kc6) 30. Ra1 Ke7 31. Kf1 Kd6 32. Ke2 Kc6 33. Ke3 Kb5 34. f4 ({Besser ist} 34. Kd3 $1 $15) 34... Kc4 (34... a4 $17 {Droht stark ...Kb4.} 35. Kd3 Rd6) 35. g4 Kc3 36. h4 $2 (36. Rc1+ $11 Kb2 37. Rc4) 36... Kb2 $1 $19 {[%cal Rb2a1]} 37. Ra4 $2 (37. Rd1 $17 {ist der einzige Weg für Weiss..}) 37... Kb3 $1 {[%cal Rb3a4]} 38. Ra1 a4 39. Kd3 a3 40. Rb1+ {[#]} Ka4 $1 41. Rh1 $2 (41. Kc2 Rxd4 42. h5) 41... a2 42. Kc2 {[#]} Rb5 $1 43. f5 Rb3 44. fxg6 fxg6 45. h5 gxh5 {Schwarz setzt Matt.} 46. gxh5 Ka3 47. Re1 Rb2+ 48. Kd3 Rb1 49. Rxe6 a1=Q 50. Ra6+ Kb4 51. Rxa1 Rxa1 52. Ke4 Rh1 53. d5 Kc5 54. d6 Kxd6 {Precision: Weiß = 32%, Schwarz = 79%.} 0-1

[Event "22nd Hogeschool Zeeland 2018"]
[Site "Vlissingen"]
[Date "2018.08.08"]
[Round "6"]
[White "Romanishin, Oleg M"]
[Black "Ijzermans, Cees"]
[Result "1-0"]
[WhiteElo "2441"]
[BlackElo "2142"]
[Annotator "TA"]
[PlyCount "95"]
[EventDate "2018.08.04"]
[EventType "swiss"]
[EventCountry "NED"]
[SourceTitle "playchess.com"]
[Source "ChessBase"]
[SourceQuality "1"]

{[%evp 25,95,14,8,-4,-3,-14,-14,-12,-5,-2,0,0,0,0,0,0,31,29,33,33,74,74,74,74,66,66,66,68,78,78,75,75,141,131,123,135,226,153,295,295,295,278,232,232,329,303,409,303,295,289,412,421,474,471,668,654,1016,1008,872,766,1203,1016,1818,1570,29953,29954,29954,12125,5365,5189,29984,29985]} 1. d4 Nf6 2. Nf3 g6 3. g3 Bg7 4. Bg2 O-O 5. c4 c5 6. O-O d5 7. cxd5 cxd4 8. Nxd4 Nxd5 9. Nc3 Nxc3 10. bxc3 Qa5 11. Qb3 Nc6 12. Be3 {[%cal Bc1e3,Be3d4,Bd4c5][%mdl 32]} Qa6 13. Nxc6 {D75: Grünfeldindisch (Fianchetto HV 7... c5)} (13. a4 Bd7 14. Rfd1 Rfd8 15. Bd5 Be8 16. Bg5 Na5 17. Qa2 Bf6 18. Be3 Rac8 19. Nb5 e6 20. Bb3 Nxb3 21. Qxb3 {½-½ (44) Li,C (2746)-Di Berardino,D (2499) Baku 2016}) 13... bxc6 {LiveBook: 3 Partien} 14. Bd4 e5 $146 {[#] Droht stark ...Le6.} ({Vorgänger:} 14... c5 15. Bxc5 Be6 16. Qa3 Qxa3 17. Bxa3 Rfd8 18. Bc6 Rac8 19. Rfd1 Rxd1+ 20. Rxd1 Bxa2 21. Bb5 Bf8 {½-½ (21) Donchenko,A (2479)-Bezemer,A (2327) Hoogeveen 2013}) 15. Bc5 {Die Stellung ist ausgeglichen.} Be6 16. Qa3 Qxa3 17. Bxa3 Rfd8 18. Rfd1 Bf8 19. Bxf8 Kxf8 20. Bxc6 Rxd1+ 21. Rxd1 $11 {[%mdl 4096] Endspiel KTL-KTL} Rc8 22. Bd5 Rxc3 23. Bxe6 fxe6 $14 {KT-KT} 24. Rd6 Ra3 25. Rxe6 Ra5 26. a3 Kf7 27. Rc6 Rxa3 28. Rc7+ Ke6 (28... Kg8 $142) 29. Rxh7 $16 Ra2 30. e3 Kf5 (30... g5 $16) 31. Kg2 Ra6 (31... g5 $16 32. h4 gxh4) 32. h4 $18 Ra4 33. Rf7+ Ke6 34. Rc7 Kf5 (34... Kf6 $142 35. Rc6+ Kf7) 35. Rc6 Ra2 36. Kf3 {[%csl Gf3][%cal Rg3g4] [#]} Ra4 37. Rc5 Ra6 (37... Ke6 $142 38. g4 Ra6) 38. e4+ Ke6 39. Kg4 Kf6 (39... Kd6 $142 40. Rc2 Rb6) 40. Rc7 Ra4 41. Rc6+ Kf7 42. Kg5 a5 43. Rf6+ Ke7 44. Kxg6 Rxe4 45. h5 Rg4+ 46. Kf5 e4 47. h6 {[%cal Bh5h6,Bh6h7][%mdl 32] Weiss droht h7 und Matt.} e3 48. h7 {Precision: Weiß = 93%, Schwarz = 34%.} 1-0

[Event "22nd Hogeschool Zeeland 2018"]
[Site "Vlissingen"]
[Date "2018.08.08"]
[Round "6"]
[White "Warmerdam, Max"]
[Black "Lefebvre, Herve"]
[Result "1-0"]
[WhiteElo "2421"]
[BlackElo "2304"]
[Annotator "TA"]
[PlyCount "113"]
[EventDate "2018.08.04"]
[EventType "swiss"]
[EventCountry "NED"]
[SourceTitle "playchess.com"]
[Source "ChessBase"]
[SourceQuality "1"]

{[%evp 28,113,22,20,17,14,18,15,15,7,18,0,24,17,53,60,53,53,54,61,58,48,65,54,80,78,68,70,117,118,107,102,105,95,100,90,118,118,134,127,302,361,345,258,340,325,365,368,355,108,121,129,127,114,124,116,105,114,326,60,60,60,68,61,443,440,426,418,457,441,490,465,29963,12322,29965,29966,29965,29965,29966,29963,29973,29971,29971,29973,29966,29938,5118,5118]} 1. e4 c5 2. Nf3 {[%cal Bg1f3,Bf3d2,Bd2c4,Bc4e3][%mdl 32]} d6 3. Bb5+ Nd7 4. d4 cxd4 5. Qxd4 e5 6. Qd3 h6 7. Nfd2 a6 8. Bxd7+ Bxd7 9. Nc4 Be6 10. Nc3 Nf6 11. O-O {B51: Sizilianisch (Rossolimo-Variante)} Rc8 12. Ne3 Be7 13. a4 O-O 14. Rd1 Qc7 15. Bd2 {LiveBook: 14 Partien} Bc4 16. Nxc4 Qxc4 {[#]} 17. Qxc4 $146 Rxc4 18. f3 Rfc8 19. a5 R8c6 20. Kf2 Bd8 21. Be3 b5 22. axb6 $1 Bxb6 23. Bxb6 Rxb6 24. Ra2 Kf8 25. Rda1 Ke7 26. Ke3 Ke6 27. Kd2 Rcc6 28. b3 d5 29. exd5+ Nxd5 30. Nxd5 Kxd5 $16 {[%mdl 4096] Endspiel KTT-KTT} 31. c4+ Kd4 32. Kc2 f5 33. Ra5 Re6 $2 (33... Ke3 $16) 34. Re1 $1 $18 {[%csl Gc4][%cal Ra5d5]} Rbd6 35. Rd1+ Ke3 {[#] und wenn ...Txd1 ginge, stände Schwarz gut.} 36. Rxe5+ $1 {[%mdl 512]} Rxe5 37. Rxd6 {KT-KT} f4 38. Rg6 $2 ({Nicht} 38. Rxa6 Kd4 $18) (38. h4 $18 {und Weiss behält klar die Oberhand.}) 38... Kd4 $16 39. Kb2 Re2+ 40. Ka3 Kc3 41. Rxa6 {Droht Td6 und aus.} Rxg2 42. c5 Rb2 $2 (42... Kd4 $16) 43. Rb6 $2 (43. Ka4 $1 $18) 43... Rb1 $1 $14 {[%cal Rb1a1]} 44. Ka4 Kd4 $1 {[%cal Rd4c5]} 45. Kb4 {Und weiter mit Tg6 wäre nett.} Ke3 $2 {[%mdl 8192]} ({Besser ist} 45... Rc1 $14) 46. Rg6 $18 Kxf3 47. Rxg7 Ke4 48. Re7+ Kd3 49. Rf7 Ke3 {[#]} (49... Ke4 $18 50. c6 Kd5 51. Rxf4 Kxc6 52. Rf6+ Kd5 53. Rxh6 Re1 54. Rh5+ Kc6) 50. c6 $1 {[%cal Bc5c6,Bc6c7][%mdl 32]} f3 51. c7 Rc1 52. Kb5 f2 {[#]} 53. Kb6 $1 {[%cal Rb6b7]} Rc3 54. b4 {[%cal Bb3b4,Bb4b5][%mdl 32]} Ke2 55. b5 f1=Q 56. Rxf1 Kxf1 57. Kb7 {Precision: Weiß = 66%, Schwarz = 38%.} 1-0

[Event "22nd Hogeschool Zeeland 2018"]
[Site "Vlissingen"]
[Date "2018.08.08"]
[Round "6"]
[White "Van Delft, Merijn"]
[Black "Mesman, Edwyn"]
[Result "1-0"]
[WhiteElo "2395"]
[BlackElo "2154"]
[Annotator "TA"]
[PlyCount "81"]
[EventDate "2018.08.04"]
[EventType "swiss"]
[EventCountry "NED"]
[SourceTitle "playchess.com"]
[Source "ChessBase"]
[SourceQuality "1"]

{[%evp 15,81,27,24,18,17,-7,0,-28,-30,-56,59,37,45,0,121,116,114,93,118,113,133,110,183,187,181,191,243,239,253,249,202,177,178,180,164,84,83,62,170,172,174,170,172,166,187,137,120,148,756,400,393,381,727,418,822,818,29980,29981,6403,5710,29989,1768,29990,1112,1112,1103,1768,1703]} 1. e4 c5 2. Nf3 d6 3. d4 cxd4 4. Nxd4 Nf6 {[%cal Bg8f6,Bf6d7,Bd7e5][%mdl 32]} 5. Nc3 a6 6. h3 e6 7. g4 Nfd7 {B81: Sicilian Scheveningen: Keres Attack} 8. Bg2 Nc6 {LiveBook: 26 Games} (8... Be7 9. Nce2 Nc6 10. c3 Nce5 11. O-O Ng6 12. f4 Nh4 13. Bh1 O-O 14. f5 e5 15. Nc2 {0-1 (57) Fedoseev,V (2724)-Grischuk,A (2767) Moscow 2018}) 9. b3 Be7 {The position is equal.} 10. Bb2 O-O 11. h4 $146 ({Predecessor:} 11. Nce2 Nxd4 12. Nxd4 Qa5+ 13. Qd2 Qxd2+ 14. Kxd2 Ne5 15. Rae1 Bg5+ 16. Kd1 {½-½ (41) Jurcik,M (2469)-Ftacnik,L (2566) Prievidza 2014}) 11... Nde5 12. g5 Bd7 ({Black should play} 12... f6 $1 $15) 13. f4 $14 Ng6 $1 {[%cal Rg6f4]} 14. Nde2 Re8 (14... f6 $1 $11) 15. Qd2 $1 $16 b5 16. O-O-O b4 17. Na4 Rc8 18. Kb1 Qc7 (18... e5 $16) 19. h5 $18 Nf8 20. g6 hxg6 (20... fxg6 {keeps fighting.} 21. hxg6 hxg6) 21. h6 gxh6 22. Rxh6 {[%csl Gb2][%cal Rh6h8]} e5 23. Rdh1 Bf6 {[#]} 24. f5 $1 $40 {[%mdl 640] White wants a kill.} Bg7 (24... gxf5 25. Rxf6) 25. f6 ({Don't play} 25. fxg6 $6 fxg6 26. R6h2 Nd8 $11) ({White should try} 25. R6h2 $18) 25... Bxf6 $16 {[#]} 26. Nf4 $1 {[%cal Rf4d5][%mdl 512] Strongly threatening Nd5.} Be6 {[#]} (26... Ne7 $14) (26... exf4 27. Bxf6) 27. Nh5 $1 $18 {[%mdl 512]} Bg7 (27... gxh5 28. Rxf6 Ne7 29. Rxh5 $16) 28. Nxg7 Kxg7 29. Rh8 {aiming for Bc1.} Kf6 30. Qf2+ Ke7 31. Nb6 {Bh3 is the strong threat.} Rb8 $2 {[%mdl 8192]} (31... Nd4 $16 32. Bxd4 (32. Nxc8+ Rxc8 33. Bxd4 exd4 $18) 32... exd4 33. Nxc8+ Rxc8) 32. Nd5+ Bxd5 33. exd5 Nd8 $2 (33... Na7 34. Bc1 Kd8) 34. Qh4+ f6 (34... Kd7 $142 35. Bh3+ f5) 35. Rf1 Nd7 36. Rh7+ Nf7 37. Rxf7+ Kxf7 38. Qh7+ Kf8 {[#]} 39. Rxf6+ $1 {[%mdl 512]} Nxf6 40. Qxc7 Red8 41. Bc1 {Precision: White = 55%, Black = 41%.} 1-0

[Event "22nd Hogeschool Zeeland 2018"]
[Site "Vlissingen"]
[Date "2018.08.08"]
[Round "6"]
[White "Timmermans, Mark"]
[Black "Hesse, Henrik"]
[Result "0-1"]
[WhiteElo "2383"]
[BlackElo "2137"]
[Annotator "TA"]
[PlyCount "102"]
[EventDate "2018.08.04"]
[EventType "swiss"]
[EventCountry "NED"]
[SourceTitle "playchess.com"]
[Source "ChessBase"]
[SourceQuality "1"]

{[%evp 9,102,-10,-17,-14,-4,-4,-3,-13,-14,-15,-11,-25,-16,-22,48,-104,-117,-115,-108,-108,-105,-117,-127,-147,-159,-158,-151,-170,-167,-162,-181,-201,-201,-206,-207,-193,-181,-187,-161,-212,-201,-202,-204,-205,-212,-212,-211,-214,-213,-272,-238,-339,-335,-337,-325,-329,-335,-310,-312,-334,-327,-762,-750,-927,-913,-29973,-29974,-29975,-29976,-29976,-29977,-29977,-29978,-29977,-29978,-29974,-317,-316,-316,-287,-75,-75,-75,-75,-75,-75,-75,-75,-75,-75,-75,-29983,-29984,-29984,-29985]} 1. b4 c6 2. Bb2 a5 3. b5 cxb5 4. e4 {[%cal Be2e4,Be4e5][%mdl 32]} b4 5. a3 Nf6 {[%cal Bg8f6,Bf6d5,Bd5b4][%mdl 32]} 6. e5 {A00: Unregelmäßige Eröffnungen} Nd5 7. axb4 Nxb4 8. c3 {Die Stellung ist ausgeglichen.} N4c6 9. d4 d6 10. exd6 $146 ({Vorgänger:} 10. f4 dxe5 11. fxe5 {1-0 (46) Timmermans,M (2387)-Smeets,J (2600) playchess.com INT 2016}) 10... exd6 11. Bd3 Qg5 (11... d5 $11) 12. Bc1 $2 (12. Qf3 $14 {behält die Oberhand.}) 12... Qxg2 $17 13. Qf3 Qxf3 14. Nxf3 Be7 15. Rg1 g6 16. d5 Ne5 17. Nxe5 dxe5 18. Na3 O-O 19. Nc4 Nd7 20. Rxa5 Rxa5 21. Nxa5 Nc5 22. Bc2 Rd8 23. c4 Bd7 24. Bd2 (24. Ke2 {kämpft weiter.}) 24... b6 $19 25. Nc6 Bxc6 $1 26. dxc6 Rc8 27. Ke2 Rxc6 28. Be3 Ne6 29. Kd3 Bc5 30. h4 (30. Kc3 $142) 30... Bxe3 31. fxe3 {[%mdl 4096] Endspiel [#] KTL-KTS} e4+ $1 32. Kc3 (32. Kxe4 Rxc4+) 32... b5 33. Bb3 bxc4 34. Bxc4 Ng7 35. Rg4 $2 (35. Kb4) 35... Nf5 36. Rxe4 Nd6 37. Rf4 Rxc4+ 38. Rxc4 Nxc4 39. Kxc4 {K3B-KBB} Kf8 40. Kd5 Ke7 41. Ke5 f6+ 42. Kd5 h5 $2 (42... g5 {setzt Matt} 43. h5 h6 44. e4 Kd7 45. Kc5 Ke6 46. Kd4 Kd6 47. Kd3 Ke5 48. Ke3 g4 49. Kf2 Kf4 50. Ke2 g3 51. Kd3 g2 52. Kc4 Kxe4 53. Kc5 f5 54. Kb4 f4 55. Kc5 f3 56. Kc6 f2 57. Kc5 f1=Q 58. Kb6 g1=Q+ 59. Kb7 Qf7+ 60. Ka6 Qfa7+ 61. Kb5 Qgc5#) 43. e4 g5 44. e5 {[#]} g4 $2 ({Schlechter ist} 44... gxh4 45. exf6+ Kf8 46. Ke4 $11) (44... f5 $1 $19 {bietet bessere Gewinnchancen.} 45. hxg5 h4) 45. exf6+ $17 Kxf6 {KBB-KB} 46. Ke4 Ke6 47. Kf4 Kd5 48. Ke3 Ke5 {( -> ...Kf5)} 49. Kf2 Ke4 (49... Kf4 $2 50. Kg2 $19) 50. Kg3 $2 {[%mdl 8192] [#]} (50. Kf1 $17 Kf3 51. Ke1) 50... Ke3 $1 51. Kg2 Kf4 {Precision: Weiß = 50%, Schwarz = 77%.} 0-1

[Event "22nd Hogeschool Zeeland 2018"]
[Site "Vlissingen"]
[Date "2018.08.08"]
[Round "6"]
[White "Grooten, Herman"]
[Black "Iturrizaga Bonelli, Eduardo"]
[Result "1/2-1/2"]
[WhiteElo "2374"]
[BlackElo "2640"]
[Annotator "TA"]
[PlyCount "83"]
[EventDate "2018.08.04"]
[EventType "swiss"]
[EventCountry "NED"]
[SourceTitle "playchess.com"]
[Source "ChessBase"]
[SourceQuality "1"]

{[%evp 23,83,-12,-7,-21,-27,-36,-36,-41,-35,-36,-33,-25,-30,-38,-35,-60,-42,-42,-42,-136,-122,-142,-120,-147,-119,-169,-42,-71,0,0,0,0,15,14,130,115,183,182,164,131,168,194,206,206,191,62,61,63,91,0,105,0,1,0,0,0,0,0,0,0,0,0]} 1. d4 Nf6 2. c4 b6 3. Nc3 Bb7 4. Bg5 e6 5. a3 Be7 6. Nf3 c5 7. e3 cxd4 8. exd4 O-O 9. Bd3 d5 10. Bxf6 Bxf6 11. cxd5 exd5 12. O-O Nc6 {[%cal Bb8c6,Bc6e7,Be7f5][%mdl 32]} 13. Bc2 {E12: Queen's Indian: Unusual White 4th moves, 4 a3, 4 Nc3 Bb7 5 a3 and 4 Nc3 Bb7} (13. Re1 Qd6 14. Nb5 Qd8 15. Rc1 a6 16. Nc3 b5 17. Qc2 g6 18. Nxd5 Qxd5 19. Be4 Nxd4 20. Nxd4 Qd7 21. Bxb7 Qxb7 {1-0 (61) Ivanov,I (2505)-Gurevich,D (2490) USA 1989 CBM 019 [Schussler,H]}) 13... Rc8 $146 14. Qd3 {[%csl Gc2][%cal Rd3h7]} g6 15. b4 {Black is slightly better.} a5 16. b5 Ne7 {White must now prevent ...Qc7.} 17. Bb3 Qd6 18. Rfe1 Rc7 19. Ne5 Rfc8 20. Na4 Nf5 21. g3 (21. Qd2 $15) 21... h5 $17 22. Qd2 {[#]} Rc4 $1 {[%mdl 512]} 23. Bxc4 dxc4 24. Rad1 Rd8 ({Black should play} 24... Qd5 $19 {[%csl Gb7][%cal Rd5h1]} 25. f3 Bxe5 26. Rxe5 Qxf3) 25. Qf4 $1 $15 Qd5 ({Better is} 25... Kg7 $1 $17) 26. f3 $11 Qxb5 27. Nc3 $1 {[%cal Rc3b5]} Qb3 28. Ne4 $1 {[%cal Re4f6]} Bxe4 (28... Bxe5 $6 29. Qxe5 Qxf3 30. d5 $16) (28... Bg7 $1 $11) 29. fxe4 $16 Bxe5 (29... Rxd4 $16 {was worth a try.} 30. Rxd4 Qc3) 30. Qxe5 $18 Ng7 31. Qf6 Rc8 32. d5 {[%cal Bd4d5,Bd5d6][%mdl 32]} Qxa3 33. d6 {And now d7 would win.} ({Don't play} 33. Qxb6 $6 c3 $16) 33... Ne6 {[#]} 34. Rd5 (34. Rf1 $1 $18 Rf8 35. d7 Qe3+ 36. Rf2) 34... Rd8 $14 35. d7 {[%mdl 1024] White has compensation.} a4 36. e5 (36. Kg2 $16) 36... Qc3 {[#]} (36... c3 $1 $11 {keeps the balance.} 37. Rf1 c2 38. Qxf7+ Kh8 39. Qf6+ (39. Qxe6 Qe3+ 40. Kg2 Qe2+ 41. Kg1 Qe3+ 42. Kh1 Qe4+ 43. Kg1 Qe3+ $11) 39... Kh7 40. Qxe6 Qe3+ 41. Kh1 Qe4+ 42. Kg1 Qe3+ 43. Kh1 Qe4+ 44. Kg1 Qe3+) 37. Rf1 ({White has to play} 37. Re2 $1 $16 {Strongly threatening Rd6.} Qc1+ 38. Kg2) 37... Qe3+ $11 {The position is equal.} 38. Rf2 Qe1+ $1 39. Rf1 Qe3+ 40. Rf2 Qe1+ $1 41. Rf1 Qe3+ 42. Rf2 {Precision: White = 60%, Black = 51%.} 1/2-1/2